| 000 | 01004cam a2200217 4500 | ||
|---|---|---|---|
| 008 | 050401n2005 000 0 eng u | ||
| 020 | _a1904829163 | ||
| 035 | _a(Sirsi) u129207 | ||
| 041 | _aeng | ||
| 050 |
_a690.24 _c18 |
||
| 110 |
_aBuilding Maintenance Information _93229 |
||
| 245 | 4 | _aThe economic significance of maintenance | |
| 260 |
_aLondon _bBCIS _c2005 |
||
| 300 |
_a13p. _c30cm. |
||
| 490 |
_aBMI Special Report _v338 |
||
| 520 | _aObjective of this report is to estimate the annual national expenditure on maintenance work on a consistent basis and to compare the results with the value of the stock to be maintained and the general level of national expenditure. | ||
| 520 | _aThis item is part of a subscription service and cannot be photocopied. Neither can any part of it be read over the phone. Please contact BMI direct on +44 (0)20 7695 1500 for details. | ||
| 650 | _aMAINTENANCE EXPENDITURE | ||
| 690 | _aBUILDING AND CONSTRUCTION-REPAIRS AND MAINTENANCE | ||
| 942 | _n0 | ||
| 999 |
_c104125 _d104125 |
||